[Event "BCF-ch Major op"]
[Site "Aberystwyth"]
[Date "2014.07.28"]
[Round "7"]
[White "Kalavannan, Koby"]
[Black "Yiamakis, Albert"]
[Result "0-1"]
[WhiteElo "1934"]
[BlackElo "1785"]
[PlyCount "110"]
[EventDate "2014.07.21"]
[EventType "swiss"]
[EventRounds "11"]
[EventCountry "WLS"]
[SourceTitle "EXT 2017"]
[Source "ChessBase"]
[SourceDate "2016.10.25"]
[SourceVersion "1"]
[SourceVersionDate "2016.10.25"]
[SourceQuality "1"]

1. d4 Nf6 2. Nf3 g6 3. c4 Bg7 4. g3 d5 5. Bg2 dxc4 6. Na3 c5 7. Nxc4 Nc6 8. Qa4 cxd4 9. Nxd4 Qxd4 10. Bxc6+ bxc6 11. Qxc6+ Qd7 12. Qxa8 0-0 13. Qg2 Bb7 14. f3 Qd4 15. Ne3 Rc8 16. Nd1 Rc2 17. Qf2 Qb4+ 18. Kf1 Ng4 19. Qe1 Qc4 20. h3 Bxf3 21. Bd2 Bxh1 22. hxg4 Qd5 23. Ne3 Qxd2 24. Nxc2 Qxc2 25. Qd1 Qxd1+ 26. Rxd1 Bxb2 27. Rd7 a5 28. Ra7 Bc3 29. Rxe7 Bd5 30. Re3 Bb2 31. Re8+ Kg7 32. Rb8 Bc3 33. Rc8 Bb4 34. Rc2 Kf6 35. Kf2 Kg5 36. Ke3 Kxg4 37. Kd4 Be6 38. e4 Kxg3 39. a3 Be1 40. Rc1 Bf2+ 41. Ke5 h5 42. Rc3+ Kg2 43. Kd6 h4 44. Kc6 h3 45. Kb5 h2 46. Rc1 h1Q 47. Rxh1 Kxh1 48. Kxa5 g5 49. Kb5 g4 50. a4 g3 51. a5 g2 52. a6 g1Q 53. a7 Qb1+ 54. Ka4 Bd7+ 55. Ka5 Qb5# 0-1

[Event "BCF-ch Week1 AM op"]
[Site "Aberystwyth"]
[Date "2014.07.25"]
[Round "5"]
[White "Yiamakis, Albert"]
[Black "Eagleton, Greg T"]
[Result "1/2-1/2"]
[WhiteElo "1785"]
[BlackElo "2034"]
[PlyCount "43"]
[EventDate "2014.07.21"]
[EventType "swiss"]
[EventRounds "5"]
[EventCountry "WLS"]
[SourceTitle "EXT 2017"]
[Source "ChessBase"]
[SourceDate "2016.10.25"]
[SourceVersion "1"]
[SourceVersionDate "2016.10.25"]
[SourceQuality "1"]

1. b3 c5 2. Bb2 d6 3. f4 Nf6 4. e3 g6 5. Bxf6 exf6 6. c4 Bg7 7. Nc3 0-0 8. g3 Nc6 9. a3 Re8 10. Bg2 Bf5 11. Nge2 Qd7 12. 0-0 Bd3 13. Re1 g5 14. Nc1 Bg6 15. N1a2 Rab8 16. Nd5 a6 17. Rc1 Kh8 18. b4 Bf5 19. Nb6 Qc7 20. Nd5 Qd7 21. Nb6 Qc7 22. Nd5 1/2-1/2

[Event "BCF-ch Week1 AM op"]
[Site "Aberystwyth"]
[Date "2014.07.24"]
[Round "4"]
[White "Snook Lumb, Chris"]
[Black "Yiamakis, Albert"]
[Result "0-1"]
[WhiteElo "1569"]
[BlackElo "1785"]
[PlyCount "46"]
[EventDate "2014.07.21"]
[EventType "swiss"]
[EventRounds "5"]
[EventCountry "WLS"]
[SourceTitle "EXT 2017"]
[Source "ChessBase"]
[SourceDate "2016.10.25"]
[SourceVersion "1"]
[SourceVersionDate "2016.10.25"]
[SourceQuality "1"]

1. f4 d5 2. Nf3 g6 3. e3 Bg7 4. d4 Nf6 5. Bd3 b6 6. Qe2 Bb7 7. 0-0 Nbd7 8. f5 Ne4 9. fxg6 hxg6 10. Bxe4 dxe4 11. Ng5 Nf6 12. Qb5+ c6 13. Qe5 Qd6 14. Qxd6 exd6 15. Nc3 d5 16. Bd2 Rh5 17. Nh3 g5 18. Rf5 g4 19. Rxh5 Nxh5 20. Nf4 Nxf4 21. exf4 Bxd4+ 22. Kf1 Ba6+ 23. Ke1 f5 0-1

[Event "BCF-ch Week1 AM op"]
[Site "Aberystwyth"]
[Date "2014.07.23"]
[Round "3"]
[White "Shaw, Meyrick"]
[Black "Yiamakis, Albert"]
[Result "0-1"]
[WhiteElo "1948"]
[BlackElo "1785"]
[PlyCount "90"]
[EventDate "2014.07.21"]
[EventType "swiss"]
[EventRounds "5"]
[EventCountry "WLS"]
[SourceTitle "EXT 2017"]
[Source "ChessBase"]
[SourceDate "2016.10.25"]
[SourceVersion "1"]
[SourceVersionDate "2016.10.25"]
[SourceQuality "1"]

1. d4 Nf6 2. Nf3 g6 3. g3 Bg7 4. Bg2 d5 5. c4 dxc4 6. Qa4+ Nfd7 7. Nc3 0-0 8. Qxc4 Nb6 9. Qc5 Na6 10. Qa5 Bxd4 11. Nxd4 Qxd4 12. Bh6 Nc4 13. Qa4 Nc5 14. Rd1 Qxc3+ 15. bxc3 Nxa4 16. Bxf8 Kxf8 17. Rd8+ Kg7 18. 0-0 Nxc3 19. Ra1 Nb6 20. Bf3 Be6 21. Rd2 c6 22. a3 a5 23. Rd3 Nb5 24. e4 a4 25. Bd1 Nc4 26. f4 f5 27. e5 Bd5 28. Kf2 Nbxa3 29. g4 b5 30. gxf5 b4 31. fxg6 hxg6 32. Rg3 b3 33. Bh5 b2 34. Rxg6+ Kh7 35. Rag1 Rg8 36. Rxg8 Bxg8 37. Bg6+ Kh8 38. Bd3 Nd2 39. Rg6 b1Q 40. Bxb1 Naxb1 41. Rxc6 a3 42. f5 Nc4 43. Rh6+ Kg7 44. f6+ Kxh6 45. fxe7 Bf7 0-1

[Event "BCF-chT3 1011 (4NCL)"]
[Site "England"]
[Date "2011.02.20"]
[Round "6.46"]
[White "Yiamakis, Albert"]
[Black "Huser, Hector"]
[Result "1-0"]
[WhiteElo "1736"]
[BlackElo "1618"]
[PlyCount "123"]
[EventDate "2010.11.06"]
[EventType "team-swiss"]
[EventRounds "9"]
[EventCountry "ENG"]
[SourceTitle "EXT 2012"]
[Source "ChessBase"]
[SourceDate "2011.11.24"]
[SourceVersion "1"]
[SourceVersionDate "2011.11.24"]
[SourceQuality "1"]
[WhiteTeam "Guildford A&DC IV"]
[BlackTeam "KJCA Knights"]
[WhiteTeamCountry "ENG"]
[BlackTeamCountry "ENG"]

1. e4 e5 2. Nf3 Nc6 3. Bb5 Nf6 4. 0-0 d6 5. d4 Bd7 6. c3 Be7 7. Qe2 exd4 8. cxd4 a6 9. Ba4 0-0 10. Bb3 Bg4 11. Rd1 Na5 12. Bc2 Bxf3 13. Qxf3 d5 14. e5 Ne8 15. Bxh7+ Kxh7 16. Qh5+ Kg8 17. Rd3 f5 18. Rh3 Qd7 19. Qh7+ Kf7 20. Rh6 Nf6 21. exf6 Bxf6 22. Rxf6+ Kxf6 23. Bf4 Qf7 24. Be5+ Ke6 25. Nc3 Rh8 26. Qxg7 Qxg7 27. Bxg7 Rhg8 28. Re1+ Kd7 29. Be5 c6 30. Na4 Rae8 31. b3 Rg4 32. Nb6+ Ke6 33. f3 Rg6 34. h4 Reg8 35. g3 Kf7 36. Kf2 Re6 37. Na4 Rge8 38. Nc5 R6e7 39. g4 fxg4 40. fxg4 b6 41. Nxa6 c5 42. Nc7 Rf8 43. Nxd5 Ke6+ 44. Nf4+ Kd7 45. Kg3 Ref7 46. dxc5 bxc5 47. g5 Nc6 48. Rd1+ Nd4 49. Bxd4 cxd4 50. Rxd4+ Kc6 51. g6 Ra7 52. Rc4+ Kd6 53. a4 Ke5 54. h5 Rb7 55. b4 Rfb8 56. b5 Rd8 57. h6 Rd1 58. g7 Rg1+ 59. Ng2 Rb8 60. h7 Kf6 61. g8Q Rxg8+ 62. hxg8Q 1-0